000 00790nam a2200217 i 4500
001 183321
003 ES-MaACL
005 20230906221850.0
008 140319s1836 fr |||| | fre d
110 1 _aAustria.
_9171515
240 0 _aCódigo civil, 1812
245 0 0 _aCode civil général de l'empire d'Autriche /
_ctraduit sur la dernière édition officielle par A. de Clercq.
260 _aParis :
_bImp. Royale,
_c1836.
300 _aXV-376 p. ;
_c22 cm.
490 1 _aCollection des lois civiles et criminelles des états modernes ;
_v3
650 4 _aDerecho civil-
_zAustria.
_9171517
700 1 _aClercq, Alexandre de.
_939221
830 1 _aCollection des lois civiles et criminelles des états modernes ;
_v3
_9191907
852 _aES-MaACL
_jG-3635
999 _c183321
_d183321